| 000 | 01004nam a22003017a 4500 | ||
|---|---|---|---|
| 003 | CHAP | ||
| 005 | 20220329143545.0 | ||
| 008 | 100525s2002 mx a r 00010 spa d | ||
| 010 | _a98503 | ||
| 011 | _a99475 | ||
| 035 | _a110161 | ||
| 040 | _cCHAP | ||
| 082 | 1 | 4 |
_a378 _bN22 |
| 100 | 0 | 0 |
_aNavarro Guerrero, Enrique. _980564 |
| 245 | 1 | 0 |
_aAnuario Estadístico 2001 _c/por Enrique Navarro Guerrero |
| 260 |
_aSaltillo, Coah. : _bUniversidad Autónoma Agraria Antonio Narro, _c2002 |
||
| 300 |
_a125 p. : _bilus., cuadros, gráfs. |
||
| 590 |
_aBATCH-UPD _b10 _c20130110 _lUCH01 _h1747 |
||
| 590 |
_aBATCH-UPD _b10 _c20130410 _lUCH01 _h1125 |
||
| 590 |
_aBATCH-UPD _b10 _c20130914 _lUCH01 _h1247 |
||
| 590 |
_aCONVERSION _b10 _c20130109 _lUCH01 _h1354 |
||
| 650 | 1 | 4 |
_aEducación superior _xEstadísticas. _935630 |
| 650 | 1 | 4 |
_aUniversidades _xCoahuila. _9116613 |
| 901 | _aBK | ||
| 911 | _aen proceso | ||
| 942 | _cLIBRO | ||
| 949 |
_a378 N22 2001 _bBC _cLIBRO _d33724002111561 _eLIBRO _gI.c/e _h112616 _i110161 _sb |
||
| 999 |
_c98503 _d98503 |
||